Sports Quiz

Random Sports Quiz

Name the past 26 teams to make the BCS Quiz Stats

 Plays Quiz not verified by Sporcle

Score 0/26 Timer 05:00
0 Plays Today
% Correct
Florida
97.6%
Texas
97.5%
Oklahoma
94.7%
USC
93.6%
Ohio State
91.8%
Alabama
89.7%
Georgia
87.5%
LSU
87.5%
Michigan
87.1%
Florida State
85.7%
Boise State
84.8%
Penn State
82.2%
Miami
81.9%
% Correct
Virginia Tech
79.1%
Utah
76.6%
Kansas
71.9%
West Virginia
71.5%
Notre Dame
67.3%
Illinois
64.6%
Cincinnati
63.9%
Hawaii
62.8%
Auburn
62.8%
Louisville
50.8%
Pittsburgh
50.8%
Wake Forest
45.2%
Kansas State
42.8%

You're not logged in!

Compare scores with friends on all Sporcle quizzes.
Join for Free
OR
Log In

You Might Also Like...

Show Comments

Extras

Created Oct 11, 2009ReportNominate
Tags:BCS, past, team

Top Quizzes Today


Score Distribution

Your Account Isn't Verified!

In order to create a playlist on Sporcle, you need to verify the email address you used during registration. Go to your Sporcle Settings to finish the process.

Report this User

Report this user for behavior that violates our Community Guidelines.

Details: